书目信息 |
| 题名: |
创作技法实例
|
|
| 作者: | 类维顺 , 张钧 主编 | |
| 分册: | ||
| 出版信息: | 长春 吉林美术出版社 2001 |
|
| 页数: | 87页 | |
| 开本: | 29cm | |
| 丛书名: | 基础美术技法金版系列 | |
| 单 册: | ||
| 中图分类: | J204 | |
| 科图分类: | ||
| 主题词: | 绘画--技法(美术) | |
| 电子资源: | ||
| ISBN: | 7-5386-1091-X | |
| 000 | 00893cam2 2200253 45 | |
| 001 | 012001013977 | |
| 005 | 20070727142323.20 | |
| 010 | @a7-5386-1091-X@dCNY28.00 | |
| 100 | @a20010615d2001 em y0chiy0110 ea | |
| 101 | 0 | @achi |
| 102 | @aCN@b220000 | |
| 105 | @aa z 000yy | |
| 200 | 1 | @a创作技法实例@Achuang zuo ji fa shi li@dCreative Technique Examples@f类维顺, 张钧主编@FLei Wei Shun,Zhang Jun Zhu Bian |
| 210 | @a长春@c吉林美术出版社@d2001 | |
| 215 | @a87页@d29cm | |
| 225 | 2 | @a基础美术技法金版系列 |
| 330 | @a本书内容包括:创作构图与技法概论、构图的基本规律、构图的基本变化、构图分析、命题创作试卷分析、生活速写与创作的关系、主题创作分析、生活创作作品选登等。 | |
| 410 | @12001 @a基础美术技法金版系列 | |
| 606 | 0 | @a绘画@x技法(美术) |
| 690 | @aJ204@v4 | |
| 701 | 0 | @a类维顺@4主编 |
| 701 | 0 | @a张钧@4主编 |
| 801 | @aCN@bTSTCL@c20070727 | |
| 905 | @f5@b345520-524@dJ204@e266 | |
| 创作技法实例=Creative Technique Examples/类维顺, 张钧主编.-长春:吉林美术出版社,2001 |
| 87页;29cm.-(基础美术技法金版系列) |
| ISBN 7-5386-1091-X:CNY28.00 |
| 本书内容包括:创作构图与技法概论、构图的基本规律、构图的基本变化、构图分析、命题创作试卷分析、生活速写与创作的关系、主题创作分析、生活创作作品选登等。 |
| ● |
| 相关链接 |
|
|
|
|
正题名:创作技法实例
索取号:J204/266
 
预约/预借
| 序号 | 登录号 | 条形码 | 馆藏地/架位号 | 状态 | 备注 |
| 1 | 0345520 | 203455206 | 第一样本阅览室/ [索取号:J204/266] | 在馆 | |
| 2 | 0345521 | 203455215 | 第一借阅区/ [索取号:J204/266] | 在馆 | |
| 3 | 0345522 | 203455224 | 第一借阅区/ [索取号:J204/266] | 在馆 | |
| 4 | 0345523 | 203455233 | 第一借阅区/ [索取号:J204/266] | 在馆 | |
| 5 | 0345524 | 203455242 | 第一借阅区/ [索取号:J204/266] | 在馆 | |
| 6 | 0784939 | 207849391 | 密集书库/ [索取号:J204/266] | 在馆 | |
| 7 | 0785232 | 207852322 | 第一借阅区/ [索取号:J204/266] | 在馆 | |
| 8 | 0785233 | 207852331 | 第一借阅区/ [索取号:J204/266] | 在馆 | |
| 9 | 0785234 | 207852340 | 第一借阅区/ [索取号:J204/266] | 在馆 | |
| 10 | 0785235 | 207852359 | 第一借阅区/ [索取号:J204/266] | 在馆 |